Statistics for Madden 22 Top 50 Quarterbacks (Preseason)

Click here to take the quiz!

General Stats

  • This quiz has been taken 63 times
  • The average score is 35 of 38

Answer Stats

TeamPlayerRating% Correct
PackersAaron Rodgers96
100%
GiantsDaniel Jones72
100%
RaidersDerek Carr81
100%
TexansDeshaun Watson90
100%
LionsJared Goff77
100%
BengalsJoe Burrow77
100%
BillsJosh Allen88
100%
ChargersJustin Herbert80
100%
VikingsKirk Cousins79
100%
CardinalsKyler Murray82
100%
RavensLamar Jackson91
100%
(HM) PatsMac Jones71
100%
RamsMatthew Stafford83
100%
ChiefsPatrick Mahomes99
100%
SeahawksRussell Wilson94
100%
TitansRyan Tannehill87
100%
BucsTom Brady97
100%
JaguarsTrevor Lawrence78
100%
JetsZach Wilson75
100%
CowboysDak Prescott87
98%
FalconsMatt Ryan85
98%
SteelersBen Roethlisberger78
97%
49ersJimmy Garoppolo76
97%
BrownsBaker Mayfield84
95%
BearsJustin Fields74
93%
DolphinsTua Tagovailoa73
93%
SaintsJameis Winston73
88%
(HM) EaglesJalen Hurts71
86%
PatriotsCam Newton76
84%
49ersTrey Lance74
84%
ColtsCarson Wentz72
83%
(HM) BroncosDrew Lock70
78%
(HM) PanthersSam Darnold71
78%
(HM) BearsNick Foles70
69%
BroncosTeddy Bridgewater73
67%
BearsAndy Dalton72
64%
Football TeamRyan Fitzpatrick75
60%
(HM) EaglesGardner Minshew69
57%

Score Distribution

Percentile by Number Answered

Percent of People with Each Score

Your Score History

You have not taken this quiz